V Levoči opäť založia mestskú políciu

Bibliographic Details
Main Author: (pl) (Author)
Format: Article
Language:Slovak
Subjects:

MARC

LEADER 00000nab a2200000 a 4500
001 vtls001019010
003 SK-MaSNL
005 20260303035044.0
008 040720e19951021xo 0 slo
035 |a SN4947 
040 |a SNSK  |b slo  |c SNSK  |e AACR2 
041 0 |a slo 
044 |a xo  |c SK 
080 |a 351.745  |2 1981 
100 0 |a (pl)  |4 aut  |9 893749 
245 1 0 |a V Levoči opäť založia mestskú políciu 
650 0 7 |a mestská polícia  |2 SNSK  |9 26122 
650 0 7 |a zriadenie  |2 SNSK  |9 873455 
650 0 7 |a prípravy  |2 SNSK  |9 315432 
650 0 7 |a informácie  |2 SNSK  |9 1285 
651 7 |a Levoča (Slovensko)  |2 SNSK  |9 26696 
651 7 |a SN,  |2 SNSK  |9 1021277 
655 7 |a periodikum  |2 snkbucl  |9 29553 
773 0 8 |t Sme  |g Roč. 3, č.244, 21.10.1995, s. 5 
852 |a ZVYKNI  |b KIS3GCP 
999 |c 1675921  |d 1677851